Calculus with Analytic Geometry (Record no. 329415)

000 -LEADER
fixed length control field 12151nam a22009257a 4500
003 - CONTROL NUMBER IDENTIFIER
control field NUST
005 - DATE AND TIME OF LATEST TRANSACTION
control field 20170505115756.0
008 - FIXED-LENGTH DATA ELEMENTS--GENERAL INFORMATION
fixed length control field 140331b xxu||||| |||| 00| 0 eng d
040 ## - CATALOGING SOURCE
Transcribing agency 0
082 ## - DEWEY DECIMAL CLASSIFICATION NUMBER
Classification number 515.15 YUS
100 ## - MAIN ENTRY--PERSONAL NAME
9 (RLIN) 9
Personal name Yusuf,S.M
245 ## - TITLE STATEMENT
Title Calculus with Analytic Geometry
Statement of responsibility, etc. S.M YUSUF, Muhammad Amin
250 ## - EDITION STATEMENT
Edition statement 5th
260 ## - PUBLICATION, DISTRIBUTION, ETC.
Place of publication, distribution, etc. Lahore
Name of publisher, distributor, etc. ilmi kitab khana
Date of publication, distribution, etc. c.1995
300 ## - PHYSICAL DESCRIPTION
Extent xii, 523 p.
Other physical details ill:
Dimensions 22 cm
500 ## - GENERAL NOTE
General note P.B
650 ## - SUBJECT ADDED ENTRY--TOPICAL TERM
General subdivision ME
9 (RLIN) 4230
Topical term or geographic name entry element Calculus and geometry
942 ## - ADDED ENTRY ELEMENTS (KOHA)
Source of classification or shelving scheme
Koha item type Book
Call number prefix 515.15 YUS
Holdings
Withdrawn status Lost status Source of classification or shelving scheme Damaged status Not for loan Collection code Permanent Location Current Location Shelving location Date acquired Total Checkouts Full call number Barcode Date last seen Price effective from Koha item type
            Institute of Environmental Science and Engineering (IESE) Institute of Environmental Science and Engineering (IESE) General Stacks 05/05/2017   515.15 YUS IESE-142 05/05/2017 05/05/2017 Book
© 2023 Central Library, National University of Sciences and Technology. All Rights Reserved.